UK Cheeses by Picture - Statistics

General Stats
  • This quiz has been taken 340 times
  • The average score is 4 of 16
Answer Stats
Picture Answer % Correct
Cheddar
96%
Stilton
72%
Red Leicester
60%
Wensleydale
46%
Double Gloucester
31%
Cheshire
29%
Lancashire
19%
Cornish Yarg
18%
Stinking Bishop
18%
Caerphilly
16%
Sage Derby
14%
Shropshire Blue
11%
Dorset Blue Vinney
4%
Red Windsor
4%
Lincolnshire Poacher
2%
Swaledale
2%
No matching quizzes found
Score Distribution
Percent of People with Each Score
Percentile by Number Answered
Your Score History
You have not taken this quiz